000 00723nam a2200265Ia 4500
003 OSt
005 20220918225040.0
006 a|||||r|||| 00| 0
007 ta
008 220917b |||||||| |||| 00| 0 eng d
024 _a236,341
037 _cTextual
040 _aARTS
_cARTS
_beng
041 _2eng
_aeng
082 _aB28, J9
110 _aCentral African Statistical office Salisbury
_9149551
245 0 _aMonthly digest of statistics
260 _c1959
300 _a46p.
_ccm.
490 _aFederation of rhodesia and nyasaland
650 _aMATHEMATICS
_92141
700 _aCentral African Statistical office Salisbury
_9149552
942 _hB28, J9
_cTEXL
_2CC
999 _c283243
_d283243